Ernest Maltravers / (Record no. 158300)

MARC details
000 -LEADER
campo de control de longitud fija 00697nam a22002055i 4500
001 - NÚMERO DE CONTROL
campo de control 158300
003 - IDENTIFICADOR DE NÚMERO DE CONTROL
campo de control ES-MaACL
005 - FECHA Y HORA DE LA ÚLTIMA TRANSACCIÓN
campo de control 20230906211106.0
008 - DATOS DE LONGITUD FIJA--INFORMACIÓN GENERAL
campo de control de longitud fija 040826s1893 xxk |||| | eng d
040 ## - FUENTE DE CATALOGACIÓN
Centro catalogador/agencia de origen CAM
Lengua de catalogación spa
Centro/agencia transcriptor CAM
100 1# - ENTRADA PRINCIPAL--NOMBRE DE PERSONA
Nombre de persona Lytton, Edward Bulwer Lytton
Títulos y otros términos asociados al nombre Baron.
9 (RLIN) 74965
245 10 - MENCIÓN DEL TÍTULO
Título Ernest Maltravers /
Mención de responsabilidad, etc. by Lord Lytton.
250 ## - MENCION DE EDICION
Mención de edición Author's rev. ed.
260 ## - PUBLICACIÓN, DISTRIBUCIÓN, ETC.
Lugar de publicación, distribución, etc. London ;
-- New York :
Nombre del editor, distribuidor, etc. George Routledge and sons,
Fecha de publicación, distribución, etc. [s.a.] (
Fabricante Charles Dickens and Evans)
300 ## - DESCRIPCIÓN FÍSICA
Extensión 156 p. ;
Dimensiones 22 cm.
596 ## - NOTA AL PIE DE IMPRENTA
NOTA AL PIE DE IMPRENTA El BLPC fecha esta obra en 1893.
752 ## - ENTRADA AGREGADA--NOMBRE JERÁRQUICO DEL LUGAR
País o entidad superior Gran Bretaña -
Ciudad Londres
752 ## - ENTRADA AGREGADA--NOMBRE JERÁRQUICO DEL LUGAR
País o entidad superior Estados Unidos -
Ciudad Nueva York
852 ## - LOCALIZACIÓN
Ubicación ES-MaACL
Número de control de estantería B-5646
Nota libre -- Rust. muy deteriorada
Holdings
Estatus retirado Estado de pérdida Estado de daño No para préstamo Biblioteca de origen Biblioteca actual Ubicación en estantería Fecha de adquisición Fuente de adquisición Total de préstamos Signatura topográfica completa Código de barras Visto por última vez Precio de reemplazo Tipo de ítem Koha
        Biblioteca del Ateneo de Madrid Biblioteca del Ateneo de Madrid Sala Pardo Bazán 17/01/2008     B-5646 1165678 23/02/2023 23/02/2023 Libro impreso